Competencias en atención hospitalaria y primaria en internos de enfermería, Universidad Estatal del Sur de Manabí, Jipijapa. / (Registro nro. 6158)

Detalles MARC
000 -CABECERA
campo de control de longitud fija 02468nam a2200217 a 4500
003 - IDENTIFICADOR DEL NÚMERO DE CONTROL
campo de control AR-RoIUNI
005 - FECHA Y HORA DE LA ÚLTIMA TRANSACCIÓN
campo de control 20250704131012.0
007 - CAMPO FIJO DE DESCRIPCIÓN FÍSICA--INFORMACIÓN GENERAL
campo de control de longitud fija ta
008 - DATOS DE LONGITUD FIJA--INFORMACIÓN GENERAL
campo de control de longitud fija 250704s2024 ag d|||frm||| 001 0 spa d
040 ## - FUENTE DE LA CATALOGACIÓN
Centro/agencia transcriptor AR-RoIUNI
080 ## - NÚMERO DE LA CLASIFICACIÓN DECIMAL UNIVERSAL
Número de la Clasificación Decimal Universal 001(043)
100 1# - ENTRADA PRINCIPAL--NOMBRE DE PERSONA
Nombre de persona Saltos Moran, Johanna Paola
245 10 - MENCIÓN DE TÍTULO
Título Competencias en atención hospitalaria y primaria en internos de enfermería, Universidad Estatal del Sur de Manabí, Jipijapa. /
Mención de responsabilidad, etc. Johanna Paola Saltos Moran ; [director] Ismael Morales Ojeda
260 ## - PUBLICACIÓN, DISTRIBUCIÓN, ETC. (PIE DE IMPRENTA)
Lugar de publicación, distribución, etc. Rosario :
Nombre del editor, distribuidor, etc. IUNIR ,
Fecha de publicación, distribución, etc. 2024
300 ## - DESCRIPCIÓN FÍSICA
Extensión 154 p. ;
Dimensiones 30 cm.
520 3# - SUMARIO, ETC.
Sumario, etc. OBEJTIVO: Analizar la relación entre las calificaciones y competencias empleadas en los servicios de Ginecología, Pediatría, Emergencia y Comunidad en los internos de enfermería de la Universidad Estatal del Sur de Manabí Jipijapa.<br/><br/>METODOLOGIA: investigación cuantitativa, cuasi-experimental con intervención de proyecto educativo el cual incluyó varias evaluaciones a lo largo del semestre, en 56 internos de enfermería en su contexto pre-profesional en prácticas clínicas. Analítico, documental. En cuanto a la técnica de recolección de datos, se usó una Matriz de evaluación de Pasantía - Internado Rotativo Comunitario y una Matriz de evaluación de Pasantía - internado rotativo hospitalario. Siendo evaluada a través de pruebas de correlación de Spearman entre los resultados obtenido en los servicios de Ginecología, Pediatría, Emergencia y Comunidad. El proyecto fue aprobado por comité de ética.<br/><br/>RESULTADO: La mayoría de los indicadores de calificaciones y competencias en los servicios, tienen valores cercanos a los máximos posibles en la matriz, lo que indica un buen desempeño en esas áreas, aunque se detectan variaciones en los ítems y casos que necesitan reforzamiento educativo docente. Se determinó de que hubo correlación entre las competencias de Ginecología y Pediatría; además de Pediatría con Emergencia (p<0,050 r >0,40). No hubo diferencias significativas en cuanto a las notas obtenidas según sexo dentro de los servicios p>0,050.<br/><br/>CONCLUSIONES: Las competencias adquiridas durante la formación profesional son adecuadas, lo suficiente para permitir un buen desenvolvimiento laboral, aplicando una educación basada en competencias.
650 10 - PUNTO DE ACCESO ADICIONAL DE MATERIA--TÉRMINO DE MATERIA
Término de materia o nombre geográfico como elemento inicial Enfermería
9 (RLIN) 86
700 1# - PUNTO DE ACCESO ADICIONAL--NOMBRE DE PERSONA
Nombre de persona Morales Ojeda, Ismael
Títulos y otros términos asociados al nombre Dr.
Término indicativo de función/relación Director
856 ## - LOCALIZACIÓN Y ACCESO ELECTRÓNICOS
Texto de enlace Resumen en PDF
Identificador Uniforme del Recurso <a href="https://iunir.edu.ar/postgrado/maestria_educacion/resumen/360">https://iunir.edu.ar/postgrado/maestria_educacion/resumen/360</a>
942 ## - ELEMENTOS DE PUNTO DE ACCESO ADICIONAL (KOHA)
Fuente del sistema de clasificación o colocación Clasificación Decimal Universal
Tipo de ítem Koha Tesis
Existencias
Estado de retiro Estado de pérdida Fuente del sistema de clasificación o colocación Estado dañado Restricciones de uso Excepción de préstamo Código de colección Localización permanente Ubicación/localización actual Ubicación en estantería Fecha de adquisición Número de inventario Total de préstamos Signatura topográfica completa Código de barras Fecha visto por última vez Precio válido a partir de Tipo de ítem Koha
    Clasificación Decimal Universal     No sale Tesis BIBLIOTECA CENTRAL BIBLIOTECA CENTRAL BIBLIOTECA CENTRAL 01/10/2025 58m   001(043) 58m 01/10/2025 01/10/2025 Tesis
    Clasificación Decimal Universal   Consulta en biblioteca No sale Tesis BIBLIOTECA CRESPO BIBLIOTECA CRESPO BIBLIOTECA CRESPO 04/07/2025 58mm   001(043) 58mm 04/07/2025 04/07/2025 Tesis